000 00628nam a22002297a 4500
003 UA-OsUOA
001 34887
007 ta
008 20051031b un ||||| |||| 00| 0 ukr d
090 _a008(091)(075-8)
_bІ-90
942 _cBK
040 _aUA-OsUOA
_bukr
_cUA-OsUOA
_dUA-OsUOA
245 _aІсторія світової культури
_cЛ. Т. Левчук
300 _a315 с.
955 _a2
041 _aukr
080 _a008(091)(075-8)
020 _a5-325-00525-1
260 _aК.
_bЛибідь
_c1994
650 7 _a008 Цивілізація. Культура. Прогрес
_2UDC
999 _c321313
_d321313